Logo

Description automatically generated
विद्यार्जन
 संसाधन केंद्र, भारतीय प्रौद्योगिकी संस्थान इन्दौर
Learning Resource Center, Indian Institute of Technology Indore

ऑनलाइन सार्वजनिक अभिगम प्रसूची
Online Public Access Catalogue (OPAC)

Thirdspace : journeys to Los Angeles and other real-and-imagined places (Record no. 57299)

MARC details
000 -LEADER
fixed length control field 00648nam a2200217Ia 4500
005 - DATE AND TIME OF LATEST TRANSACTION
control field 20260629163254.0
008 - FIXED-LENGTH DATA ELEMENTS--GENERAL INFORMATION
fixed length control field 260629s9999||||xx |||||||||||||| ||und||
020 ## - INTERNATIONAL STANDARD BOOK NUMBER
International Standard Book Number 9781557866752
Qualifying information pbk
082 ## - DEWEY DECIMAL CLASSIFICATION NUMBER
Classification number 304.23
Item number SOJ
100 ## - MAIN ENTRY--PERSONAL NAME
Personal name Soja, Edward W.
245 #0 - TITLE STATEMENT
Title Thirdspace : journeys to Los Angeles and other real-and-imagined places
260 ## - PUBLICATION, DISTRIBUTION, ETC.
Place of publication, distribution, etc. Oxford
Name of publisher, distributor, etc. Blackwell Publishers
Date of publication, distribution, etc. 1996
300 ## - PHYSICAL DESCRIPTION
Extent xii, 334p. ; 25cm.
653 ## - INDEX TERM--UNCONTROLLED
Uncontrolled term Geograpgical perception
653 ## - INDEX TERM--UNCONTROLLED
Uncontrolled term Los Angeles (Calif.)—Social conditions
653 ## - INDEX TERM--UNCONTROLLED
Uncontrolled term Postmodernism
653 ## - INDEX TERM--UNCONTROLLED
Uncontrolled term Space and time
653 ## - INDEX TERM--UNCONTROLLED
Uncontrolled term Space peception
653 ## - INDEX TERM--UNCONTROLLED
Uncontrolled term Urban sociology
942 ## - ADDED ENTRY ELEMENTS (KOHA)
Koha item type Book
Holdings
Withdrawn status Lost status Damaged status Not for loan Home library Current library Shelving location Date acquired Source of acquisition Total Checkouts Full call number Barcode Date last seen Price effective from Koha item type
        LRC, IIT Indore LRC, IIT Indore 3rd Floor - General Stack 29/06/2026 Gratis Book Price: USD 53.95   304.23 SOJ G2524 29/06/2026 29/06/2026 Book
Copyright © 2017-2026 Indian Institute of Technology Indore. All Rights Reserved.
Managed & maintained by Learning Resource Center, IIT Indore